000 00448nam a2200181Ia 4500
005 20240823041037.0
008 240823s9999||||xx |||||||||||||| ||und||
020 _a978-1-4039-4260-9
041 _aENGLISH
082 _A820.9 Q2
100 _aJohn Peck and Martin Coyle
245 2 _aA Brief History of English Literature
260 _c2012
_bPal
500 _aYES
650 _aEnglish Literature
_bEnglish
942 _cBK
999 _c204552
_d204552